| 000 | 00611nam a2200193 a 4500 | ||
|---|---|---|---|
| 001 | 000023772 | ||
| 005 | 20200930022446.0 | ||
| 008 | 110113s2003 dr 000 0 spa d | ||
| 020 | _a9993403415 | ||
| 040 |
_aDO-SdBNP _bspa _cBNPHU |
||
| 082 |
_axxx _bM663f |
||
| 100 | 1 |
_aMinaya, Edickson _9820 |
|
| 245 | 1 | 0 |
_aFilosofía y sentido : _bapuntes para una concepción hermenéutica de la filosofía / _cEdickson Minaya. |
| 260 |
_aSanto Domingo : _bLetra Gráfica, _c2003. |
||
| 300 |
_a83 p. ; _c23 cm. |
||
| 500 | _aIncluye notas al pie de las páginas | ||
| 504 | _aBibliografía : p. 81-83 | ||
| 049 | _aBNPD | ||
| 999 |
_c23268 _d23268 |
||